| 000 | 01055nam a2200265 4500 | ||
|---|---|---|---|
| 001 | 113828 | ||
| 003 | DR-UNIBE | ||
| 005 | 20250703153027.0 | ||
| 008 | 250703b2019 sp ||||| |||| 00| 0 spa d | ||
| 020 | _a9788491130079 | ||
| 040 |
_aBIBLIOTECA UNIBE _cBIBLIOTECA UNIBE _erda |
||
| 041 | _aspa | ||
| 082 | _a610.72 A692m 2019 | ||
| 100 |
_aArgimón Pallás, José M. _eautor _9197028 |
||
| 245 |
_aMétodos de investigación clínica y epidemiológica / _cJosé M. Argimón Pallás, José Jiménez Villa |
||
| 250 | _aQuinta edición | ||
| 260 |
_aBarcelona : _bElsevier, _c2019 |
||
| 300 | _axix, 469 páginas | ||
| 505 | _aParte I. Principios generales de una investigación | Parte II. Tipos de estudios | Parte III. Elaboración del protocolo de estudio | Parte IV Interpretación de resultados | Parte V. Publicación | | ||
| 650 | 7 | _aMedicina clínica | |
| 650 | 7 |
_aInvestigación _xMetodología _912901 |
|
| 650 | 7 |
_aEpidemiología _xMetodología _9197034 |
|
| 700 |
_aJiménez Villa, José _eautor _9197030 |
||
| 942 |
_2ddc _cBK |
||
| 999 |
_c113828 _d113828 |
||